banner-ar

الرواد المسلمون / (Record no. 43350)

MARC details
000 -الفاتح
حقل البيانات ثابتة الطول 00414nam a2200133Ia 4500
008 - عناصر البيانات ثابتة الطول - معلومات عامة
حقل البيانات ثابتة الطول 140319s9999 xx 000 0 ara d
040 ## - مصدر الفهرسة
وكالة الفهرسة الأصلية GCL /
وكالة النسخ GCL
082 04 - رقم تصنيف ديوى العشرى
رقم التصنيف 301.01
رقم المادة ع ر
100 1# - المدخل الرئيسى - إسم شخصى
الإسم الشخصى عبدالله عبدالغنى غانم
245 10 - بيان العنوان
العنوان الرواد المسلمون /
بيان المسئوليه,etc عبدالله عبدالغنى غانم
300 ## - الوصف المادى
التعداد 469
490 ## - بيان السلسلة
عنوان السلسلة تاريخ التفكير الاجتماعى
رقم المجلد/ التعيين التسلسلي 0
Holdings
حالة التراجع حالة الفقد حالة تلف ليس للاعارة المكان المؤقت الموقع الحالى تاريخ الاكتساب اجمالي اﻻعارات رقم الطلب الباركود تاريخ اخر مشاهدة تاريخ تفعيل السعر نوع وعاء كوها
        مكتبة القاهرة الكبرى مكتبة القاهرة الكبرى 03/26/2014   301.01\ع ر 104902 03/26/2014 03/26/2014 كتاب
        مكتبة القاهرة الكبرى مكتبة القاهرة الكبرى 03/26/2014   301.01\ع ر 104903 03/26/2014 03/26/2014 كتاب
        مكتبة القاهرة الكبرى مكتبة القاهرة الكبرى 03/26/2014   301.01\ع ر 104904 03/26/2014 03/26/2014 كتاب

Powered By

EGPV